| 000 | 01246cam a22003254a 4500 | ||
|---|---|---|---|
| 001 | 13892249 | ||
| 003 | USPCAS-E | ||
| 005 | 20180118181411.0 | ||
| 008 | 050308s2005 vaua b 001 0 eng | ||
| 010 | _a 2005006659 | ||
| 020 | _a1844071847 | ||
| 040 |
_aDLC _cDLC _dDLC _dDLC |
||
| 042 | _apcc | ||
| 050 | 0 | 0 |
_aTJ280.7 _b.G443 2005 |
| 082 | 0 | 0 |
_a621.44 _222 _bGEO 2003 |
| 245 | 0 | 0 |
_aGeothermal energy : _butilization and technology / _cedited by Mary H. Dickson and Mario Fanelli. |
| 260 |
_aSterling, VA : _bEarthscan, _cc2005. |
||
| 300 |
_axviii, 205 p. : _bill. ; _c28 cm. |
||
| 502 | _a0 | ||
| 504 | _aIncludes bibliographical references. | ||
| 650 | 0 | _aGeothermal engineering. | |
| 650 | 0 | _aGeothermal resources. | |
| 700 | 1 | _aDickson, Mary H. | |
| 700 | 1 | _aFanelli, Mario. | |
| 856 | 4 | 1 |
_3Table of contents _uhttp://www.loc.gov/catdir/toc/ecip059/2005006659.html |
| 856 | 4 | 2 |
_3Contributor biographical information _uhttp://www.loc.gov/catdir/enhancements/fy1111/2005006659-b.html |
| 906 |
_a7 _bcbc _corignew _d1 _eecip _f20 _gy-gencatlg |
||
| 942 |
_2ddc _cBK |
||
| 999 |
_c355712 _d355712 |
||